| 000 | 00870nam a2200217Ia 4500 | ||
|---|---|---|---|
| 001 | 19423 | ||
| 003 | GE_BSU | ||
| 008 | 181216s||||||||xx |||||||||||||| ||und|| | ||
| 040 | _cGE_BSU | ||
| 245 | _aიბერიულ-კავკასიური ენათმეცნიერება XXIX | ||
| 245 | _cსარედ კოლ:ა.არაბული,შ.აფრიდონიძე; და სხვ.მთ.რედ:ბ.ჯორბენაძე | ||
| 260 | _aთბილისი | ||
| 260 | _bმეცნიერება | ||
| 260 | _c1990 | ||
| 300 | _a283გვ;24სმ. | ||
| 541 | _h8ლ.20თ. | ||
| 653 | _aენათმეცნიერება | ||
| 653 | _aიბერიულ-კავკასიური ენათმეცნიერება XXIX | ||
| 653 | _aქართული ენა | ||
| 942 | _cBK | ||
| 999 |
_c52403 _d52403 |
||